Human Resource Management (Record no. 1994)

MARC details
000 -LEADER
fixed length control field 00357nam a22001457a 4500
008 - FIXED-LENGTH DATA ELEMENTS--GENERAL INFORMATION
fixed length control field 250220b |||||||| |||| 00| 0 eng d
020 ## - INTERNATIONAL STANDARD BOOK NUMBER
ISBN 9788120334434
100 ## - MAIN ENTRY--AUTHOR
Author DESSLER, Gary
245 ## - TITLE STATEMENT
Title Human Resource Management
250 ## - EDITION STATEMENT
Edition statement 11th
260 ## - PUBLICATION, DISTRIBUTION, ETC. (IMPRINT)
Place of publication New Delhi
Name of publisher Prentice-Hall Inc.
Date of publication 2008
300 ## - COLLATION
Pagination xxvii, 801p.
942 ## - ADDED ENTRY ELEMENTS (KOHA)
Item type Books
050 ## - LIBRARY OF CONGRESS CALL NUMBER
Classification number HD211
Item number .D47
Holdings
Source of classification or shelving scheme Not for loan Permanent location Current location Date acquired Accession No. Full call number Barcode. Koha item type
Library of Congress Classification   Samuel Ogbemudia Main Library, University of Abuja Samuel Ogbemudia Main Library, University of Abuja 02/20/2025 2011/41175 HD211.D47 2025-0132 Books